LEADER 01101nam a2200241 i 4500 001 000000154787 003 CaOOAMICUS 005 20061025000000.0 008 061025s1907 it u000 u ita u 013 $a132136 040 $aSeMil$bita 100 1 $aFlori, Ezio.$0(OLS)http://semarc/name/29989 245 13$aIl teatro di Ugo Foscolo /$cEzio Flori ; con prefazione di Michele Scherillo. 260 $aBiella :$bG. Amosso,$c1907. 300 $aXV, 235 p., [14] p. di tav. ;$c24 cm. 490 0 $aLe Strenne del Pio Istituto Rachitici relative a Milano ed alla Lombardia 600 14$aFoscolo, Ugo <1778-1827>.$0(OLS)http://semarc/subject/5620 700 1 $aScherillo, Michele,$d<1860-1930>.$0(OLS)http://semarc/name/13559 830 3$aLe Strenne del Pio Istituto Rachitici relative a Milano ed alla Lombardia.$0(OLS)http://semarc/title/19823 850 $aSeMil 852 $aSeMil$W1$xVenegono$y1$m5R IX 9$j106643$B106643$CSeMilBibl$Z2$F115848 $81 996 $6245$aIl teatro di Ugo Foscolo$9(OLS)http://semarc/title/226600 996 $6260$aBiella :$bG. Amosso$9(OLS)http://semarc/publisher/37187 LEADER 01032nam a2200229 i 4500 001 000000051335 003 CaOOAMICUS 005 20100429000000.0 008 100429s1901 xx u000 u lat u 013 $a22507 040 $aSeMil$bita 100 1 $aEschbach, A. .$0(OLS)http://semarc/name/25400 245 10$aDisputationes physiologico-theologicae tum medicis chirurgis tum theologis et canonistis utiles /$cA. Eschbach. 250 $a2. ed. 260 $aRomae :$bDesclée, Lefebvre et Soc.,$c1901. 300 $aXI, 590 p. ;$c24 cm. 650 4$aMedicina - Morale cristiana.$0(OLS)http://semarc/subject/3594 650 4$aMorale sessuale.$0(OLS)http://semarc/subject/3413 850 $aSeMil 852 $aSeMil$W1$xVenegono$y1$m2F IV 47$j17490$B17490$CSeMilBibl$Z2$F17491 $81 996 $6245$aDisputationes physiologico-theologicae tum medicis chirurgis tum theologis et canonistis utiles$9(OLS)http://semarc/title/78587 996 $6260$aRomae :$bDesclée, Lefebvre et Soc.$9(OLS)http://semarc/publisher/35937